Methods in microbiology: Artificial intelligence in microbiology scope and challenges,V1 (Record no. 395811)

MARC details
000 -LEADER
fixed length control field 00602 a2200205 4500
005 - DATE & TIME
control field 20260213162741.0
008 - FIXED-LENGTH DATA ELEMENTS--GENERAL INFORMATION
fixed length control field 260212b |||||||| |||| 00| 0 eng d
020 ## - ISBN
International Standard Book Number 9780443296246
Price $185.00
040 ## - CATALOGING SOURCE
Original cataloging agency VIVEKANANDA LIBRARY
082 ## - DDC NUMBER
Classification number 579.0285
Book Number S38M
100 ## - MAIN ENTRY--PERSONAL NAME
Personal name Mishra, Vaibhav, ed.
245 ## - TITLE STATEMENT
Title Methods in microbiology: Artificial intelligence in microbiology scope and challenges,V1
260 ## - PUBLICATION, DISTRIBUTION, ETC. (IMPRINT)
Name of publisher, distributor, etc Academic Press
Date of publication, distribution, etc 2024
Place of publication, distribution, etc Cambridge
300 ## - PHYSICAL DESCRIPTION
Pages xvi, 281
650 ## - Subject
Subject Microbiology
650 ## - Subject
Subject Microorganisms
650 ## - Subject
Subject Artificial Intelligence
700 ## - Added Entry Personal Name
Added Entry Personal Name Srivastava, Akanksha
942 ## - ADDED ENTRY ELEMENTS (KOHA)
Koha item type Books
Holdings
Withdrawn status Lost status Source of classification or shelving scheme Damaged status Not for loan Location (home branch) Sublocation or collection (holding branch) Shelving location Date acquired Koha issues (times borrowed) Koha full call number Accession No. Koha date last seen Copy number Koha item type
    Dewey Decimal Classification     VIVEKANANDA LIBRARY VIVEKANANDA LIBRARY Vivekananda Library 27/01/2026   579.0285 S38M 444248 27/01/2026 V1 Books
© Designed and Maintained by Vivekananda Library, MDU Rohtak